000 01162nam a2200241Ia 4500
003 Ost
005 20260507075357.0
008 260507s9999||||xx |||||||||||||| ||und||
020 _a8188358977
040 _cfsecg
041 _aara
082 _a330
100 _aحافظ، محمد عبده
_eمؤلف
245 0 _aالمزيج الترويجي :
_bالبيع المباشر والدعاية /
_c محمد عبده حافظ
260 _aالقاهرة:
_bدار الفجر للنشر والتوزيع,
_c2009
300 _a366 صفحة؛
_bجداول، صور، أشكال بيانية
_c25 سم
504 _aالمراجع ص.363
520 _aالمزيج الترويجي-مفاهيم أساسية -خطوات البيع المباشر-المعلومات التي يحتاجها رجل البيع-انتقالات رجل البيع-المهارات التي يحتاجها رجل البيع-أنماط العملاء-تدريب وتحفيز رجال البيع-تنشيط المبيعات- الدعاية-النشر الإلكتروني
653 _aالبيع
653 _aالدعاية
653 _aالمبيعات
942 _cكتاب
999 _c44242
_d44242